| 000 | 01353nam a2200325 a 4500 | ||
|---|---|---|---|
| 001 | ebr10425038 | ||
| 003 | CaPaEBR | ||
| 006 | m u | ||
| 007 | cr cn||||||||| | ||
| 008 | 100803s2010 ne ad sb 101 0 eng d | ||
| 010 | _z 2010933984 | ||
| 020 | _z9781607506164 | ||
| 020 | _z9781607506171 (e-book) | ||
| 040 |
_aCaPaEBR _cCaPaEBR |
||
| 035 | _a(OCoLC)695042387 | ||
| 050 | 1 | 4 |
_aTA705 _b.I25 2010eb |
| 111 | 2 |
_aICITG _n(1st : _d2010 : _cShanghai, China) |
|
| 245 | 1 | 0 |
_aInformation technology in geo-engineering _h[electronic resource] : _bproceedings of the 1st International Conference (ICITG) Shanghai / _cedited by David G. Toll, Hehua Zhu, Xiaojun Li. |
| 260 |
_aAmsterdam ; _aWashington, D.C. : _bIOS Press, _c2010. |
||
| 300 |
_axii, 745 p. : _bill. (some col.) |
||
| 504 | _aIncludes bibliographical references and indexes. | ||
| 533 |
_aElectronic reproduction. _bPalo Alto, Calif. : _cebrary, _d2010. _nAvailable via World Wide Web. _nAccess may be limited to ebrary affiliated libraries. |
||
| 650 | 0 |
_aEngineering geology _vCongresses. |
|
| 655 | 7 |
_aElectronic books. _2local |
|
| 700 | 1 | _aToll, D. G. | |
| 700 | 1 | _aZhu, Hehua. | |
| 700 | 1 | _aLi, Xiaojun. | |
| 710 | 2 | _aebrary, Inc. | |
| 856 | 4 | 0 |
_uhttp://site.ebrary.com/lib/rucke/Doc?id=10425038 _zAn electronic book accessible through the World Wide Web; click to view |
| 999 |
_c143201 _d143201 |
||